[Event "Bayamo Cespedes Memorial-B"]
[Site "Bayamo"]
[Date "2017.03.04"]
[Round "6.3"]
[White "Ochoa de la Rosa, Manuel Dario"]
[Black "Diaz Hernandez, Heriberto"]
[Result "1/2-1/2"]
[WhiteElo "2317"]
[BlackElo "2347"]
[PlyCount "42"]
[EventDate "2017.03.01"]
[EventType "tourn"]
[EventRounds "10"]
[EventCountry "CUB"]
[EventCategory "4"]
[SourceTitle "EXT 2023"]
[Source "ChessBase"]
[SourceDate "2022.10.05"]
[SourceVersion "1"]
[SourceVersionDate "2022.10.05"]
[SourceQuality "1"]

1. Nf3 Nf6 2. g3 d5 3. Bg2 Bg4 4. c4 c6 5. Ne5 dxc4 6. Nxg4 Nxg4 7. Na3 e6 8. Nxc4 Qd4 9. Ne3 Nxe3 10. fxe3 Qb4 11. 0-0 Be7 12. Qc2 Bf6 13. e4 c5 14. e3 Nc6 15. Rb1 0-0 16. a3 Qb5 17. b4 cxb4 18. d4 Rac8 19. Qd1 Rfd8 20. axb4 Nxb4 21. e5 Bxe5 1/2-1/2

[Event "Bayamo Cespedes Memorial-B"]
[Site "Bayamo"]
[Date "2017.03.03"]
[Round "4.2"]
[White "Aguilera Rodriguez, Alfredo R"]
[Black "Ochoa de la Rosa, Manuel Dario"]
[Result "1-0"]
[WhiteElo "2375"]
[BlackElo "2317"]
[PlyCount "73"]
[EventDate "2017.03.01"]
[EventType "tourn"]
[EventRounds "10"]
[EventCountry "CUB"]
[EventCategory "4"]
[SourceTitle "EXT 2023"]
[Source "ChessBase"]
[SourceDate "2022.10.05"]
[SourceVersion "1"]
[SourceVersionDate "2022.10.05"]
[SourceQuality "1"]

1. e4 e5 2. Nf3 Nc6 3. Bb5 Nf6 4. d3 d6 5. c3 Be7 6. Nbd2 0-0 7. Nf1 a6 8. Ba4 b5 9. Bc2 d5 10. Ng3 dxe4 11. dxe4 Qxd1+ 12. Bxd1 Rb8 13. 0-0 Be6 14. Bb3 Bc4 15. Re1 Bc5 16. h3 Nd7 17. Bxc4 bxc4 18. Re2 a5 19. a4 f6 20. Nf1 Rb7 21. Ra2 Rfb8 22. Be3 Be7 23. Rc2 Nb6 24. N3d2 Rd8 25. f3 g6 26. Kf2 Kf7 27. Bxb6 cxb6 28. Nxc4 Bc5+ 29. Ke2 Ke6 30. Rd2 Rf8 31. Rd3 f5 32. Nfd2 h5 33. Ra1 f4 34. Rd1 Be7 35. Nb3 Nb8 36. Rd5 Nd7 37. Rb5 1-0

[Event "Bayamo Cespedes Memorial-B"]
[Site "Bayamo"]
[Date "2017.03.02"]
[Round "2.1"]
[White "Batista Suarez, Jeorling Yahytin"]
[Black "Ochoa de la Rosa, Manuel Dario"]
[Result "1/2-1/2"]
[WhiteElo "2329"]
[BlackElo "2317"]
[PlyCount "80"]
[EventDate "2017.03.01"]
[EventType "tourn"]
[EventRounds "10"]
[EventCountry "CUB"]
[EventCategory "4"]
[SourceTitle "EXT 2023"]
[Source "ChessBase"]
[SourceDate "2022.10.05"]
[SourceVersion "1"]
[SourceVersionDate "2022.10.05"]
[SourceQuality "1"]

1. e4 e5 2. Nf3 Nc6 3. Bb5 Nf6 4. d3 d6 5. Nc3 Be7 6. h3 0-0 7. Bxc6 bxc6 8. d4 Nd7 9. 0-0 Ba6 10. Re1 Bf6 11. Be3 Re8 12. Qd2 Qb8 13. b3 Qb7 14. Rad1 h6 15. Nh2 exd4 16. Bxd4 Bxd4 17. Qxd4 Qb6 18. Qd2 Qb4 19. Re3 Nf6 20. Rde1 Re6 21. Nf3 c5 22. e5 dxe5 23. Rxe5 Rd6 24. Qe3 c4 25. Ne4 cxb3 26. axb3 Nxe4 27. Rxe4 Qb7 28. Re8+ Kh7 29. Qf4 Rf6 30. Qd4 Rxe8 31. Rxe8 Qc6 32. Qd8 Qxc2 33. Rh8+ Kg6 34. Qd4 Qc1+ 35. Kh2 Qf4+ 36. Qxf4 Rxf4 37. Ra8 Bb7 38. Ne5+ Kf6 39. Rxa7 Kxe5 40. Rxb7 Kd6 1/2-1/2

[Event "Bayamo Cespedes Memorial-B"]
[Site "Bayamo"]
[Date "2017.03.01"]
[Round "1.3"]
[White "Diaz Hernandez, Heriberto"]
[Black "Ochoa de la Rosa, Manuel Dario"]
[Result "1/2-1/2"]
[WhiteElo "2347"]
[BlackElo "2317"]
[PlyCount "33"]
[EventDate "2017.03.01"]
[EventType "tourn"]
[EventRounds "10"]
[EventCountry "CUB"]
[EventCategory "4"]
[SourceTitle "EXT 2023"]
[Source "ChessBase"]
[SourceDate "2022.10.05"]
[SourceVersion "1"]
[SourceVersionDate "2022.10.05"]
[SourceQuality "1"]

1. e4 e5 2. Nf3 Nc6 3. Bb5 Nf6 4. d3 d6 5. c4 Bd7 6. Nc3 Be7 7. h3 0-0 8. 0-0 Nb8 9. d4 a6 10. Bxd7 Nbxd7 11. Re1 c6 12. b3 b5 13. Qe2 Re8 14. Bb2 Bf8 15. d5 cxd5 16. Nxd5 Nxd5 17. cxd5 1/2-1/2

[Event "Capablanca Memorial op 50th"]
[Site "Havana"]
[Date "2015.06.18"]
[Round "4"]
[White "Ochoa de la Rosa, Manuel Dario"]
[Black "Yanes Canizares, Alejandro"]
[Result "1/2-1/2"]
[WhiteElo "2314"]
[BlackElo "2393"]
[PlyCount "63"]
[EventDate "2015.06.15"]
[EventType "swiss"]
[EventRounds "10"]
[EventCountry "CUB"]
[SourceTitle "EXT 2016"]
[Source "ChessBase"]
[SourceDate "2015.10.08"]
[SourceVersion "1"]
[SourceVersionDate "2015.10.08"]
[SourceQuality "1"]

1. d4 d6 2. c4 e5 3. Nc3 exd4 4. Qxd4 Nc6 5. Qd2 Nf6 6. g3 Be6 7. Nd5 Ne5 8. b3 c6 9. Nxf6+ Qxf6 10. Bb2 Qe7 11. Bg2 f6 12. Nf3 Nxf3+ 13. Bxf3 0-0-0 14. 0-0-0 a6 15. Qe3 Bf5 16. Qa7 Qc7 17. Bc3 Be7 18. Kb2 Rhe8 19. Bd4 Qb8 20. Qxb8+ Kxb8 21. Bb6 Rd7 22. Bh5 g6 23. Bf3 Bd8 24. Bd4 Be4 25. Bxe4 Rxe4 26. e3 b5 27. c5 d5 28. Kc2 Bc7 29. h3 f5 30. f3 Re6 31. f4 Bd8 32. g4 1/2-1/2

[Event "Capablanca Memorial op 49th"]
[Site "Havana"]
[Date "2014.05.10"]
[Round "3"]
[White "Ochoa de la Rosa, Manuel Dario"]
[Black "Gomez Fontal, Felix Manuel"]
[Result "0-1"]
[WhiteElo "2275"]
[BlackElo "2353"]
[PlyCount "104"]
[EventDate "2014.04.08"]
[EventType "swiss"]
[EventRounds "10"]
[EventCountry "CUB"]
[SourceTitle "CBM 160 Extra"]
[Source "ChessBase"]
[SourceDate "2014.07.01"]
[SourceVersion "1"]
[SourceVersionDate "2014.07.01"]
[SourceQuality "1"]

1. Nf3 Nf6 2. g3 d5 3. Bg2 Bg4 4. Ne5 Bc8 5. c4 e6 6. 0-0 Nbd7 7. d4 c6 8. Nc3 Nxe5 9. dxe5 Nd7 10. cxd5 cxd5 11. e4 dxe4 12. Qa4 Be7 13. Rd1 0-0 14. Bf4 Qc7 15. Nxe4 Nb6 16. Qa5 Bd7 17. Nf6+ gxf6 18. Rac1 Qd8 19. Bxb7 Nd5 20. Qd2 Rb8 21. exf6 Bxf6 22. Bxb8 Qxb8 23. Bc6 Bxc6 24. Rxc6 Qxb2 25. Qxb2 Bxb2 26. Ra6 Ra8 27. Kg2 Kf8 28. Kf3 Ke7 29. g4 Be5 30. Rb1 Bd4 31. Rb7+ Kf6 32. Rd6 h6 33. Rdd7 Rf8 34. h4 Kg6 35. h5+ Kf6 36. Kg3 Be5+ 37. Kf3 Bb8 38. a4 Nb6 39. Rd4 Nd5 40. Rc4 Nb6 41. Rb4 Bd6 42. Re4 Rc8 43. Rxa7 Nd5 44. Rb7 Rc3+ 45. Kg2 Ra3 46. Rd7 Be5 47. Ra7 Nf4+ 48. Kf1 Ra2 49. a5 Nd3 50. f3 Rf2+ 51. Kg1 Bh2+ 52. Kh1 Nf4 0-1

[Event "Capablanca Memorial op 49th"]
[Site "Havana"]
[Date "2014.05.09"]
[Round "2"]
[White "Pozo Vera, Sandro"]
[Black "Ochoa de la Rosa, Manuel Dario"]
[Result "1/2-1/2"]
[WhiteElo "2452"]
[BlackElo "2275"]
[PlyCount "31"]
[EventDate "2014.04.08"]
[EventType "swiss"]
[EventRounds "10"]
[EventCountry "CUB"]
[SourceTitle "CBM 160 Extra"]
[Source "ChessBase"]
[SourceDate "2014.07.01"]
[SourceVersion "1"]
[SourceVersionDate "2014.07.01"]
[SourceQuality "1"]

1. d4 Nf6 2. c4 e6 3. Nc3 Bb4 4. e3 0-0 5. Bd3 c5 6. Nf3 d5 7. 0-0 dxc4 8. Bxc4 Nc6 9. a3 Ba5 10. dxc5 Bxc3 11. bxc3 Qa5 12. Qc2 Qxc5 13. Bd3 b6 14. a4 Rd8 15. Ba3 Qh5 16. Rab1 1/2-1/2

[Event "Capablanca Memorial op 49th"]
[Site "Havana"]
[Date "2014.05.08"]
[Round "1"]
[White "Ochoa de la Rosa, Manuel Dario"]
[Black "Delgado Ramos, Hector"]
[Result "1/2-1/2"]
[WhiteElo "2275"]
[BlackElo "2447"]
[PlyCount "45"]
[EventDate "2014.04.08"]
[EventType "swiss"]
[EventRounds "10"]
[EventCountry "CUB"]
[SourceTitle "CBM 160 Extra"]
[Source "ChessBase"]
[SourceDate "2014.07.01"]
[SourceVersion "1"]
[SourceVersionDate "2014.07.01"]
[SourceQuality "1"]

1. d4 d5 2. c4 c6 3. Nf3 Nf6 4. Nbd2 Bf5 5. e3 e6 6. Be2 Nbd7 7. 0-0 h6 8. b3 Be7 9. Bb2 0-0 10. h3 Bh7 11. a3 a5 12. Rc1 Qb8 13. Re1 Re8 14. Bf1 Bf8 15. Qe2 Qa7 16. g3 Rad8 17. Bg2 Ne4 18. Nxe4 Bxe4 19. Nd2 Bxg2 20. Kxg2 Qb6 21. Qd3 dxc4 22. Nxc4 Qb5 23. Qc2 1/2-1/2